នាងសក់ប្រាក់ / (Record no. 1309)

MARC details
000 -LEADER
fixed length control field 02056nam a22002777a 4500
005 - DATE AND TIME OF LATEST TRANSACTION
control field 20250527162517.0
020 ## - INTERNATIONAL STANDARD BOOK NUMBER
International Standard Book Number 9789996305528
040 ## - CATALOGING SOURCE
Original cataloging agency FISKH
Language of cataloging eng
Transcribing agency FISKH
Modifying agency FISKH
082 ## - DEWEY DECIMAL CLASSIFICATION NUMBER
Classification number 646.724
100 ## - MAIN ENTRY--PERSONAL NAME
Personal name Sodany, Ouch
245 ## - TITLE STATEMENT
Title នាងសក់ប្រាក់ /
Statement of responsibility, etc. អ៊ូច សូដានី - ញឹក សុផាលាភ
250 ## - EDITION STATEMENT
Edition statement បោះពុម្ពលើកទី ៧ ខែមិថុនា ឆ្នាំ ២០២២
260 ## - PUBLICATION, DISTRIBUTION, ETC.
Place of publication, distribution, etc. Phnom Penh :
Name of publisher, distributor, etc. Sipar,
Date of publication, distribution, etc. 2022.
300 ## - PHYSICAL DESCRIPTION
Extent 43 pages :
Other physical details color illustrations ;
Dimensions 20 cm
490 ## - SERIES STATEMENT
Series statement ខ្ញុំអានបាន
505 ## - FORMATTED CONTENTS NOTE
Formatted contents note Y <br/>
520 ## - SUMMARY, ETC.
Summary, etc. នៅភូមិគង្គា ប្រជាពលរដ្ឋជួបប្រទះបញ្ហាលំបាកដោយការខ្វះខាតទឹកប្រើប្រាស់។ នៅមិនឆ្ងាយពីភូមិ គ្រួសារមួយមានកូនស្រីម្នាក់ខុសគេ ដោយសារនាងមានសក់ពណ៍ប្រាក់ ហើយសក់នោះលូតលឿនខុសធម្មតា។ ប៉ុន្តែគ្មានអ្នកក្រៅណាដឹងពីគុណប្រយោជន៍នៃសក់នេះទេ លើកលែងលោកម្ខាស់ដ៏កំណាញ់ម្នាក់ក្នុងភូមិ។
520 ## - SUMMARY, ETC.
Summary, etc. In Kongkea village, people face difficulties due to a lack of water. Not far from the village, a family has a daughter that is different from others because she has silver hair that grows abnormally fast. No one knows the benefits of this hair, except for one stingy guy.
521 ## - TARGET AUDIENCE NOTE
Target audience note 890 <br/>
Source Lexile estimate <br/>
521 ## - TARGET AUDIENCE NOTE
Target audience note Y <br/>
Source Raz-Plus <br/>
650 ## - SUBJECT ADDED ENTRY--TOPICAL TERM
Topical term or geographic name entry element សក់ប្រាក់
Form subdivision សេដ្ឋី
General subdivision ភាសន៍ខ្លួន
Chronological subdivision មិត្តភាព​
650 ## - SUBJECT ADDED ENTRY--TOPICAL TERM
Topical term or geographic name entry element silver hair
Form subdivision Wealthy man
General subdivision Run away
Chronological subdivision Friendship
700 ## - ADDED ENTRY--PERSONAL NAME
Personal name Sophaleap, Nhoek
Titles and other words associated with a name illustrator
942 ## - ADDED ENTRY ELEMENTS (KOHA)
Source of classification or shelving scheme Dewey Decimal Classification
Koha item type Books
Suppress in OPAC No
999 ## -
-- 1309
-- 1309
Holdings
Withdrawn status Lost status Source of classification or shelving scheme Damaged status Not for loan Collection Home library Current library Shelving location Date acquired Total Checkouts Full call number Barcode Date last seen Copy number Price effective from Koha item type
    Dewey Decimal Classification     Khmer Language Books / សៀវភៅភាសាខ្មែរ Footprints International School Library Network Toul Kork Campus Footprints International School Library Network Toul Kork Campus TK Campus, Room B402, Khmer Book Case 16, Shelves 112-123 / ទូរសៀវភៅខ្មែរលេខ ១៦​ ធ្នើរ ១១២ ដល់ ១២៣ បន្ទប់ B402 សាខាទួលគោក 08/14/2023   SOD 646.724 2023-0253 08/14/2023 1 08/14/2023 Books
    Dewey Decimal Classification     Khmer Language Books / សៀវភៅភាសាខ្មែរ Footprints International School Library Network Toul Kork Campus Footprints International School Library Network Toul Kork Campus TK Campus, Room B402, Khmer Book Case 16, Shelves 112-123 / ទូរសៀវភៅខ្មែរលេខ ១៦​ ធ្នើរ ១១២ ដល់ ១២៣ បន្ទប់ B402 សាខាទួលគោក 08/14/2023   SOD 646.724 2023-0254 08/14/2023 2 08/14/2023 Books
    Dewey Decimal Classification     Khmer Language Books / សៀវភៅភាសាខ្មែរ Footprints International School Library Network Toul Tom Poung Campus Footprints International School Library Network Toul Tom Poung Campus TTP Secondary Khmer Bookshelves 03/27/2025   SOD 646.724 FIS05108 03/27/2025 3 03/27/2025 Books
    Dewey Decimal Classification     Khmer Language Books / សៀវភៅភាសាខ្មែរ Footprints International School Library Network Toul Tom Poung Campus Footprints International School Library Network Toul Tom Poung Campus TTP Primary Khmer Bookshelves 04/02/2025   SOD 646.724 FIS04267 04/02/2025 4 04/02/2025 Books